000 00710nam a2200277Ia 4500
005 20260324125832.0
008 008 260324s9999 xx 000 0 eng d
020 _a9780429143076
037 _aEBOOK
040 _aCRL
040 _beng
040 _cCRL
041 _2eng
041 _aeng
084 _qCRL
100 _aOlufemi A. Omitaomu; Joao Gama; Mohamed Gaber; Auroop R. Ganguly; Ranga Raju Vatsavai
_91179508
245 0 _aKnowledge Discovery from Sensor Data
260 _bTaylor and Francis
260 _c2008
365 _a
365 _b305
856 _uhttp://www.taylorfrancis.com/books/9780429143076
942 _cEBOOK
999 _c1775102
_d1775102